000 00519nam a2200169Ia 4500
999 _c27774
_d27774
003 OSt
005 20201203123731.0
008 190216s9999||||xx |||||||||||||| ||und||
040 _coclc
082 _a894.8123
_bPIL/P
100 _aPillai, Thakazhi Shivashankara
_9418
245 0 _aPathitha Pankajam /
_cThakazhi Shivashankara Pillai
260 _bPoorna Publications,
_c1996.
_a Kozhikode:
300 _a80p
650 _aMalayalam Novel
942 _cBK
_2ddc
_h894.8123
_iPIL/P
_k894.8123
_mPIL/P